Vplyv Quercetínu na Na,K-ATPázu v experimentálnych podmienkach diabetickej nefropatie
Saved in:
| Main Author: | |
|---|---|
| Other Authors: | |
| Format: | Manuscript Book |
| Language: | Slovak |
| Published: |
2023
|
| Subjects: | |
| Online Access: | http://is.stuba.sk/zp/portal_zp.pl?podrobnosti=169581 |
| Tags: |
No Tags, Be the first to tag this record!
|
MARC
| LEADER | 00000ntm a22000003a 4500 | ||
|---|---|---|---|
| 001 | stuzp93423 | ||
| 003 | SK-STU | ||
| 005 | 20230909215014.0 | ||
| 007 | ta | ||
| 008 | 150427s2015----xo-----f-mn---000-0-slo-d | ||
| 040 | |a STU |b slo | ||
| 041 | 0 | |a slo | |
| 100 | 1 | |a Kornieieva, Daria |u 043000 |4 aut |U FCHPT Fakulta chemickej a potravinárskej technológie |T FCHPT Ústav biochémie a mikrobiológie |X 116682 |U C3000 |Y 101 |7 116682 | |
| 242 | 0 | 1 | |a Effect of Quercetin on Na,K-ATPase in experimental conditions of diabetic nephropathy |y eng |
| 245 | 1 | 0 | |a Vplyv Quercetínu na Na,K-ATPázu v experimentálnych podmienkach diabetickej nefropatie |
| 260 | |c 2023 | ||
| 650 | 4 | |a quercetín |2 slo | |
| 650 | 4 | |a oblička |2 slo | |
| 650 | 4 | |a Na/K-ATPáza |2 slo | |
| 650 | 4 | |a diabetes mellitus 2. typu |2 slo | |
| 650 | 4 | |a kidney |2 eng | |
| 650 | 4 | |a type 2 diabetes mellitus |2 eng | |
| 650 | 4 | |a quercetin |2 eng | |
| 650 | 4 | |a Na/K-ATPase |2 eng | |
| 700 | 1 | |a Kaločayová, Barbora |4 ths |X 60164 |7 60164 | |
| 856 | 4 | |u http://is.stuba.sk/zp/portal_zp.pl?podrobnosti=169581 | |